000 01080nam0a22002531 4500
001 rc\449210
005 20030616171502.5
035 _a(NLR Aleph) 005694395
090 _a7210382
_c7210382
100 _a20030616d1987 u |0rusy50 ca
101 0 _arus
102 _aRU
105 _ay |||||||||
200 1 _aИспользование товароведческих и технологических знаний в деятельности аппаратов БХСС
_eУчеб. пособие для вузов МВД СССР
_f[М.В. Сорокин, А.В. Маслова, А.К. Куликов доценты]
_gПод общ. ред. к. ю. н. М.В. Гольцева
_g...Горьк. высш. шк.
210 _aГорький
_cГВШ МВД СССР
_d1987
215 _a215 с.
_d20
320 _aБиблиогр.: с. 210-213
333 _aДСП. Экз. № 000404
700 1 _aСорокин
_bМ. В.
_gМихаил Васильевич
801 0 _aRU
_bNLR
_gpsbo
801 1 _aRU
_bELAR
_2rusmarc
852 _aNLR
_j89-50К/1563
942 _cBOOK
980 _aNB